Ambedkars World: The Making of Babasaheb and the Dalit Movement (Record no. 228047)

MARC details
000 -LEADER
fixed length control field 01644nam a22002417a 4500
005 - DATE AND TIME OF LATEST TRANSACTION
control field 20230721144521.0
008 - FIXED-LENGTH DATA ELEMENTS--GENERAL INFORMATION
fixed length control field 230721b ||||| |||| 00| 0 eng d
020 ## - INTERNATIONAL STANDARD BOOK NUMBER
International Standard Book Number 9788189059545
040 ## - CATALOGING SOURCE
Transcribing agency AL
041 ## - LANGUAGE CODE
Language code of text/sound track or separate title English
082 ## - DEWEY DECIMAL CLASSIFICATION NUMBER
Edition number 23
Classification number 305.800954
Item number ZELA
100 ## - MAIN ENTRY--PERSONAL NAME
Personal name Eleanor Zelliot
100 ## - MAIN ENTRY--PERSONAL NAME
9 (RLIN) 128061
245 ## - TITLE STATEMENT
Title Ambedkars World: The Making of Babasaheb and the Dalit Movement
260 ## - PUBLICATION, DISTRIBUTION, ETC.
Place of publication, distribution, etc. New Delhi
Name of publisher, distributor, etc. Navayana Publications
Date of publication, distribution, etc. 2004
300 ## - PHYSICAL DESCRIPTION
Extent 303 p.
Other physical details PB
Dimensions 21.5x14 cm.
365 ## - TRADE PRICE
Price type code BLCR-000023
Price amount 319.00
Currency code
Unit of pricing 399.00
Price note 20%
Price effective from 11-07-2023
520 ## - SUMMARY, ETC.
Summary, etc. This is a classic monograph on the mahar movement in western india it documents the social and political forces that shaped bhimrao ramji ambedkar (1891 56), the greatest leader of dalits, and the manner in which ambedkar shaped the destiny of the dalits of maharashtra and india zelliot chronicles the movement from its origins with the first mahar petition in 1890 till its culmination in the mass conversion to buddhism in 1956 she describes the defining influences of the pre-ambedkar leadership, the mahar army tradition, the cult of cokhamela, the mahad satyagraha, the temple-entry movements, the various newspapers ambedkar edited, the round table conferences, and the political parties ambedkar founded using a wide array of primary sources, she offers a rich history of one of modern india s most defining movements in its scope and depth as a single-caste history, ambedkar s world remains as yet unsurpassed.
650 ## - SUBJECT ADDED ENTRY--TOPICAL TERM
Topical term or geographic name entry element Mahars
9 (RLIN) 128062
650 ## - SUBJECT ADDED ENTRY--TOPICAL TERM
Topical term or geographic name entry element Dalits
9 (RLIN) 128063
650 ## - SUBJECT ADDED ENTRY--TOPICAL TERM
Topical term or geographic name entry element Politics and government
9 (RLIN) 128064
700 ## - ADDED ENTRY--PERSONAL NAME
Personal name ZELLIOT (Eleanor)
9 (RLIN) 128065
942 ## - ADDED ENTRY ELEMENTS (KOHA)
Source of classification or shelving scheme Dewey Decimal Classification
Koha item type Book
Holdings
Withdrawn status Lost status Source of classification or shelving scheme Damaged status Not for loan Collection code Home library Current library Date acquired Source of acquisition Cost, normal purchase price Total Checkouts Full call number Barcode Date last seen Date last checked out Cost, replacement price Price effective from Koha item type
    Dewey Decimal Classification     Political Science St Aloysius Library St Aloysius Library 07/20/2023 Navakarnataka Publications Pvt.Ltd. 319.00 1 305.800954 ZELA 076593 04/02/2024 12/23/2023 399.00 07/21/2023 Book